000 00560nam a2200193Ia 4500
003 GCL
008 140319s9999 xx 000 0 eng d
040 _aGCL /
_cGCL
082 0 4 _a320
_bJ O
100 1 _aJAY, ANTONY
245 1 0 _aTHE OXFORD DICTIONARY OF POLITICAL QUOTATIONS /
_cJAY, ANTONY
260 _a[S.N] :
_bOXFORD UNIVERSITY PRESS ،
_c1996
300 _a515 P
650 0 4 _aPOLITICAL SCIENCE - DICTIONARIES
650 0 4 _aDICTIONARIES
650 0 4 _aPOLITICAL SCIENCE - QUOTATIONS
650 0 4 _aPOLITICAL QUOTATIONS - MAXIMS
942 _2ddc
_cBK
999 _c14347
_d14347